Loading...
| Literature - British | 0 | 5 | 0 | 0 | 50 | 123 | 134.20 | 0 | 0 | 3.06 | 10.29 |
| Social Science | 0 | 4 | 0 | 2 | 40 | 113 | 128.00 | 0 | 0 | 1.21 | 7.17 |
| History - European | 0 | 4 | 0 | 2 | 40 | 120 | 128.25 | 0 | 0 | 0.53 | 4.22 |
| Science - Biology | 0 | 4 | 1 | 1 | 35 | 64 | 113.00 | 1 | 1 | 3.03 | 10.83 |
| Fine Arts - Classical Music | 0 | 3 | 0 | 0 | 30 | 105 | 133.00 | 0 | 0 | 1.55 | 5.86 |
| History - American | 0 | 3 | 0 | 1 | 30 | 123 | 129.67 | 0 | 0 | 0.23 | 3.71 |
| Science - Chemistry | 0 | 3 | 0 | 1 | 30 | 82 | 101.67 | 0 | 0 | 3.75 | 9.24 |
| Literature - American | 0 | 3 | 0 | 0 | 30 | 85 | 108.67 | 0 | 1 | 5.15 | 12.81 |
| Fine Arts - Painting & Sculpture | 0 | 3 | 1 | 0 | 25 | 108 | 116.00 | 0 | 1 | 2.48 | 11.02 |
| Literature - European | 0 | 3 | 1 | 0 | 25 | 120 | 133.33 | 0 | 0 | 1.98 | 7.60 |
| History - World | 0 | 2 | 0 | 0 | 20 | 113 | 126.50 | 0 | 1 | 0.44 | 5.53 |
| Literature - World | 0 | 1 | 0 | 1 | 10 | 142 | 142.00 | 0 | 0 | 0.00 | 0.29 |
| Other Academic | 0 | 1 | 0 | 0 | 10 | 76 | 76.00 | 0 | 0 | 4.25 | 7.41 |
| Fine Arts - Other | 0 | 1 | 0 | 0 | 10 | 140 | 140.00 | 0 | 0 | 0.00 | 1.18 |
| Science - Physics | 0 | 1 | 0 | 0 | 10 | 136 | 136.00 | 0 | 0 | -0.04 | 0.28 |
| History - Other | 0 | 1 | 0 | 0 | 10 | 129 | 129.00 | 0 | 0 | 0.18 | 2.67 |